Instrumental methods of chemical analysis Ed 31 (Record no. 169773)
[ view plain ]
| 000 -LEADER | |
|---|---|
| fixed length control field | 00604nam a2200217Ia 4500 |
| 003 - CONTROL NUMBER IDENTIFIER | |
| control field | OSt |
| 005 - DATE AND TIME OF LATEST TRANSACTION | |
| control field | 20230614145346.0 |
| 008 - FIXED-LENGTH DATA ELEMENTS--GENERAL INFORMATION | |
| fixed length control field | 210423s2018 xx 000 0 und d |
| 040 ## - CATALOGING SOURCE | |
| Transcribing agency | AL |
| 041 ## - LANGUAGE CODE | |
| Language code of text/sound track or separate title | eng |
| 082 ## - DEWEY DECIMAL CLASSIFICATION NUMBER | |
| Classification number | 543.07 |
| Edition number | 23 |
| Item number | SHAI |
| 100 ## - MAIN ENTRY--PERSONAL NAME | |
| Personal name | SHARMA (B K) |
| 9 (RLIN) | 86932 |
| 245 ## - TITLE STATEMENT | |
| Title | Instrumental methods of chemical analysis Ed 31 |
| 250 ## - EDITION STATEMENT | |
| Edition statement | 31 |
| 260 ## - PUBLICATION, DISTRIBUTION, ETC. | |
| Place of publication, distribution, etc. | Meerut |
| Name of publisher, distributor, etc. | Krishna Prakashan Media (P) Ltd |
| Date of publication, distribution, etc. | 2018 |
| 300 ## - PHYSICAL DESCRIPTION | |
| Extent | xxiv,2018,i-xx |
| Other physical details | PB |
| 365 ## - TRADE PRICE | |
| Price amount | 1100 |
| Currency code | INR |
| 650 ## - SUBJECT ADDED ENTRY--TOPICAL TERM | |
| Topical term or geographic name entry element | Analytical Chemistry |
| 9 (RLIN) | 86933 |
| 906 ## - LOCAL DATA ELEMENT F, LDF (RLIN) | |
| a | 31 ; analysis ; chemical ; Instrumental ; methods |
| 942 ## - ADDED ENTRY ELEMENTS (KOHA) | |
| Source of classification or shelving scheme | Dewey Decimal Classification |
| Koha item type | Book |
| Withdrawn status | Lost status | Damaged status | Not for loan | Collection code | Home library | Current library | Date acquired | Source of acquisition | Cost, normal purchase price | Total Checkouts | Full call number | Barcode | Date last seen | Date last checked out | Price effective from | Koha item type |
|---|---|---|---|---|---|---|---|---|---|---|---|---|---|---|---|---|
| Analytical Chemistry | St Aloysius PG Library | St Aloysius PG Library | 01/16/2019 | Biblios Book Point | 1100.00 | 4 | 543.07 SHAI | PG016275 | 11/24/2023 | 11/11/2023 | 04/26/2021 | Book | ||||
| Analytical Chemistry | St Aloysius PG Library | St Aloysius PG Library | 01/16/2019 | Biblios Book Point | 1100.00 | 3 | 543.07 SHAI | PG016276 | 05/17/2024 | 04/30/2024 | 04/26/2021 | Book | ||||
| Analytical Chemistry | St Aloysius PG Library | St Aloysius PG Library | 01/16/2019 | Biblios Book Point | 1100.00 | 4 | 543.07 SHAI | PG016277 | 07/05/2025 | 07/01/2025 | 04/26/2021 | Book | ||||
| Analytical Chemistry | St Aloysius PG Library | St Aloysius PG Library | 01/16/2019 | Biblios Book Point | 1100.00 | 543.07 SHAI | PG016278 | 08/24/2022 | 04/26/2021 | Book | ||||||
| Analytical Chemistry | St Aloysius PG Library | St Aloysius PG Library | 01/16/2019 | Biblios Book Point | 1100.00 | 1 | 543.07 SHAI | PG016279 | 12/01/2023 | 11/11/2023 | 04/26/2021 | Book |